000
00176nam a2200073Ia 4500
008
170524s9999 xx 000 0 und d
100
_a
SINGH- A
245
0
_a
LAW OF CONTRACTION IN INDIA
260
_b
EXCEL BOOKS
999
_c
7939
_d
7939